书目信息 |
| 题名: |
南方内外一体化地形地籍成图软件使用说明书
|
|
| 作者: | 谢刚生 主编 | |
| 分册: | ||
| 出版信息: | 南方测绘仪器公司 |
|
| 页数: | 239页 | |
| 开本: | 20cm | |
| 丛书名: | ||
| 单 册: | ||
| 中图分类: | P28 | |
| 科图分类: | ||
| 主题词: | 地图学 | |
| 电子资源: | ||
| ISBN: | ||
| 000 | 00600nam0 2200181 450 | |
| 001 | 1256974670 | |
| 005 | 20120405160027.07 | |
| 010 | @dCNY15.00 | |
| 100 | @a20120405d km y0chiy0120 ea | |
| 101 | 0 | @achi |
| 200 | 1 | @a南方内外一体化地形地籍成图软件使用说明书@Anan fang nei wai yi ti hua di xing di ji cheng tu ruan jian shi yong shuo ming shu@f谢刚生主编@Fxie gang sheng zhu bian |
| 210 | @c南方测绘仪器公司 | |
| 215 | @a239页@d20cm | |
| 606 | 0 | @a地图学 |
| 690 | @aP28@v4 | |
| 701 | 0 | @a谢刚生@Axie gang sheng@4主编 |
| 801 | 0 | @aCN@b大连网信软件有限公司图书馆·11@c20120405 |
| 905 | @aZUCC@dP28@eX436 | |
| 南方内外一体化地形地籍成图软件使用说明书/谢刚生主编.-南方测绘仪器公司 |
| 239页;20cm |
| ISBN :CNY15.00 |
| ● |
| 相关链接 |
|
|
|
正题名:南方内外一体化地形地籍成图软件使用说明书
索取号:P28/X436
 
预约/预借
| 序号 | 登录号 | 条形码 | 馆藏地/架位号 | 状态 | 备注 |
| 1 | 485024 | 204850241 | 测绘与城市空间信息学院资料室/ [索取号:P28/X436] | 在馆 |